000 00280nam a2200121Ia 4500
008 190216s9999||||xx |||||||||||||| ||und||
100 _aStevenson
245 0 _aBusiness Statistics
260 _bHarper International Std
_c1978
300 _a518p
650 _aCommerce
942 _cBK
999 _c4745
_d4745